| 000 | 00699nam a2200205Ia 4500 | ||
|---|---|---|---|
| 001 | 14725 | ||
| 003 | GE_BSU | ||
| 008 | 181216s||||||||xx |||||||||||||| ||und|| | ||
| 040 | _cGE_BSU | ||
| 080 | _a621.81 | ||
| 100 | _aИцкович,Г.М. Киселев,В.А. Чернавский,С.А. и др. | ||
| 245 | _aСборник задач и примеров расчета деталей машин. | ||
| 245 | _cНаучн. ред. С.А.Чернавский. | ||
| 260 | _aМ. | ||
| 260 | _bМашгиз. | ||
| 260 | _c1957. | ||
| 300 | _a267 стр. с илл. 22 см. | ||
| 653 | _aСборник задач и примеров расчета деталей машин. | ||
| 942 | _cBK | ||
| 999 |
_c47851 _d47851 |
||